000 00302nam a2200121Ia 4500
008 220204s9999 xx 000 0 und d
082 _a667.622(035)
_bPAT
245 0 _aPigment handbook. 3 V.
260 _aNew York
_bJohn Wiley
_c1973
505 _aset price
700 _aPatton, Temple C
942 _cBK
999 _c25203
_d25203